| 000 | 00800nam a22002057a 4500 | ||
|---|---|---|---|
| 999 |
_c4318 _d4318 |
||
| 003 | AR-CdUCM | ||
| 008 | 190308b ||||| |||| 00| 0 spa d | ||
| 040 |
_aMUNICIPALIDAD PROVINCIAL DEL CUSCO _cBIBLIOTECA MUNICIPAL DEL CUSCO |
||
| 082 |
_a869.56 / _bG25 |
||
| 100 |
_aGarrido Chalen, Carlos _913649 |
||
| 245 | _aEl sol nunca se pone en mis dominios / | ||
| 260 |
_aTrujillo : _bLibertad, _c1992. |
||
| 300 |
_a70 paginas ; _c20 cm. |
||
| 505 | _aContenido : Testimonio personal -- Cuestión de vida -- Mitad dios, mitad eternidad, mitad silencio -- Poema para el tiempo que se viene -- Hoy que me aproximo a tus llanuras ... | ||
| 650 |
_aLiteratura trujillana _913650 |
||
| 650 |
_aLiteratura peruana _9169 |
||
| 650 |
_aLiteratura Latinoamericana _9799 |
||
| 942 |
_2ddc _cLIBROS |
||
| 945 | _arah | ||